[Event "ZL-2011-0-00977"]
[Site "LSS email"]
[Date "2011.08.29"]
[Round "?"]
[White "Szokol, Imre"]
[Black "Ferenc, Moser"]
[Result "1-0"]
[WhiteElo "1375"]
[BlackElo "1021"]
[PlyCount "41"]
[EventDate "2011.08.23"]
[EventType "match (corr)"]
[EventRounds "2"]
[EventCountry "GER"]
[SourceTitle "Telechess CBM 149"]
[Source "ChessBase"]
[SourceDate "2012.07.17"]
[SourceVersion "1"]
[SourceVersionDate "2012.07.17"]
[SourceQuality "1"]

1. e4 c6 2. d4 d5 3. e5 Bf5 4. Nf3 e6 5. Be2 Qb6 6. 0-0 c5 7. c3 Nc6 8. h3 cxd4 9. cxd4 Be4 10. Nbd2 Bg6 11. Nb3 Nge7 12. Bf4 Nf5 13. g4 Nfe7 14. Rc1 Be4 15. Ng5 Ng6 16. Be3 Nge7 17. f3 Bg6 18. h4 h6 19. Nh3 Bh7 20. a4 Rc8 21. Nc5 1-0

[Event "OP-2011-0-01746"]
[Site "LSS email"]
[Date "2011.08.27"]
[Round "?"]
[White "Winter, Malcolm J"]
[Black "Ferenc, Moser"]
[Result "1-0"]
[WhiteElo "1065"]
[BlackElo "1021"]
[PlyCount "75"]
[EventDate "2011.08.24"]
[EventType "tourn (corr)"]
[EventRounds "4"]
[EventCountry "GER"]
[SourceTitle "Telechess CBM 151"]
[Source "ChessBase"]
[SourceDate "2012.11.13"]
[SourceVersion "1"]
[SourceVersionDate "2012.11.13"]
[SourceQuality "1"]

1. d4 Nf6 2. c4 e6 3. Bg5 Be7 4. Nc3 b6 5. e3 Bb7 6. Nf3 d6 7. Be2 Nbd7 8. 0-0 Ne4 9. Bxe7 Qxe7 10. Rc1 0-0 11. d5 Ndc5 12. Nd2 exd5 13. Nxd5 Qd7 14. b4 Nxd2 15. Qxd2 Ne4 16. Qd3 Bxd5 17. cxd5 Rfe8 18. Rc6 Re7 19. Rfc1 Rc8 20. Bf3 Nf6 21. b5 Ne8 22. a4 g6 23. Qc3 f5 24. a5 Re5 25. axb6 axb6 26. Ra1 Qg7 27. Rxb6 cxb6 28. Qxc8 Rxe3 29. Rc1 Rb3 30. Qc4 Ra3 31. Qc6 Qe5 32. h3 Ra1 33. Rxa1 Qxa1+ 34. Kh2 Qe5+ 35. g3 Nf6 36. Qxb6 Nxd5 37. Qb8+ Kg7 38. Qb7+ 1-0

[Event "LSS No Engine Cup 49 Preliminary 2"]
[Site "LSS email"]
[Date "2011.08.26"]
[Round "?"]
[White "Shim Ng Min, Francis"]
[Black "Ferenc, Moser"]
[Result "1-0"]
[WhiteElo "1191"]
[BlackElo "1033"]
[PlyCount "47"]
[EventDate "2011.08.27"]
[EventType "tourn (corr)"]
[EventRounds "6"]
[EventCountry "GER"]
[SourceTitle "Telechess CBM 149"]
[Source "ChessBase"]
[SourceDate "2012.07.17"]
[SourceVersion "1"]
[SourceVersionDate "2012.07.17"]
[SourceQuality "1"]

1. e4 c6 2. Nc3 d5 3. Nf3 dxe4 4. Nxe4 Bf5 5. Ng3 Bg6 6. h4 h6 7. Ne5 Bh7 8. Qh5 g6 9. Qf3 Nf6 10. Qb3 e6 11. Qxb7 Nfd7 12. Qxa8 Nxe5 13. Qxa7 Bd6 14. Be2 0-0 15. d4 Ned7 16. Bd2 Kg7 17. 0-0-0 Nf6 18. Bd3 Nd5 19. Ne4 Be7 20. g3 f5 21. Nc5 Bg8 22. Rhe1 Kf6 23. Bxh6 Re8 24. Bg5+ 1-0

[Event "ZL-2011-0-00969"]
[Site "LSS email"]
[Date "2011.08.22"]
[Round "?"]
[White "Ferenc, Moser"]
[Black "Pons, Francisco"]
[Result "0-1"]
[WhiteElo "1021"]
[BlackElo "1325"]
[PlyCount "24"]
[EventDate "2011.08.16"]
[EventType "match (corr)"]
[EventRounds "2"]
[EventCountry "GER"]
[SourceTitle "Corr 2015"]
[Source "ChessBase"]
[SourceDate "2015.07.17"]
[SourceVersion "1"]
[SourceVersionDate "2015.07.17"]
[SourceQuality "1"]

1. d4 d5 2. c4 e6 3. Nc3 c6 4. cxd5 cxd5 5. Bf4 Bd6 6. Bxd6 Qxd6 7. e3 Nf6 8. Nf3 Nbd7 9. Bd3 a6 10. 0-0 0-0 11. Rc1 b5 12. e4 dxe4 0-1

[Event "ZL-2011-0-00957"]
[Site "LSS email"]
[Date "2011.07.22"]
[Round "?"]
[White "Molano Lafuente, Ismael"]
[Black "Ferenc, Moser"]
[Result "1-0"]
[WhiteElo "1283"]
[BlackElo "1003"]
[PlyCount "25"]
[EventDate "2011.07.09"]
[EventType "match (corr)"]
[EventRounds "2"]
[EventCountry "GER"]
[SourceTitle "Corr 2015"]
[Source "ChessBase"]
[SourceDate "2015.07.17"]
[SourceVersion "1"]
[SourceVersionDate "2015.07.17"]
[SourceQuality "1"]

1. b3 e5 2. Bb2 d5 3. Bxe5 Nc6 4. Bb2 Nf6 5. e3 Bf5 6. f4 Ne4 7. Nf3 f6 8. Bb5 Bd7 9. Bxc6 Bxc6 10. Nd4 Bd7 11. Qh5+ g6 12. Qxd5 Nd6 13. Ne6 1-0

[Event "ZL-2011-0-00945"]
[Site "LSS email"]
[Date "2011.06.23"]
[Round "?"]
[White "Ferenc, Moser"]
[Black "Simik, Frantisek"]
[Result "1-0"]
[WhiteElo "1003"]
[BlackElo "888"]
[PlyCount "37"]
[EventDate "2011.06.15"]
[EventType "match (corr)"]
[EventRounds "2"]
[EventCountry "GER"]
[SourceTitle "Telechess CBM 151"]
[Source "ChessBase"]
[SourceDate "2012.11.13"]
[SourceVersion "1"]
[SourceVersionDate "2012.11.13"]
[SourceQuality "1"]

1. d4 d5 2. c4 e6 3. Nc3 Nf6 4. Bg5 Be7 5. e3 0-0 6. Nf3 h6 7. Bh4 g5 8. Bg3 Nh5 9. Rc1 Nxg3 10. hxg3 Kg7 11. cxd5 exd5 12. Bd3 Nd7 13. Kf1 b6 14. Nxd5 Bd6 15. e4 c6 16. Rxc6 Nb8 17. Rc1 Bb7 18. Ne3 Nd7 19. Nf5+ 1-0

[Event "SF-2011-0-00100"]
[Site "LSS email"]
[Date "2011.06.19"]
[Round "?"]
[White "Shim Ng Min, Francis"]
[Black "Ferenc, Moser"]
[Result "1-0"]
[WhiteElo "1182"]
[BlackElo "1021"]
[PlyCount "89"]
[EventDate "2011.05.25"]
[EventType "tourn (corr)"]
[EventRounds "6"]
[EventCountry "GER"]
[SourceTitle "Telechess CBM 149"]
[Source "ChessBase"]
[SourceDate "2012.07.17"]
[SourceVersion "1"]
[SourceVersionDate "2012.07.17"]
[SourceQuality "1"]

1. e4 c5 2. Nf3 e6 3. d4 cxd4 4. Nxd4 Nf6 5. Nc3 a6 6. e5 Ng8 7. Bd3 d6 8. exd6 Bxd6 9. Nf3 Nf6 10. Bg5 Nbd7 11. 0-0 Qa5 12. Re1 0-0 13. Bxf6 Nxf6 14. Bxh7+ Kxh7 15. Qxd6 Bd7 16. Re5 Qd8 17. h3 Bc6 18. Qxd8 Raxd8 19. Re3 Nd5 20. Nxd5 Rxd5 21. Rae1 Rfd8 22. Ne5 Be8 23. c4 Rd2 24. R3e2 Kg8 25. b3 Rxe2 26. Rxe2 f6 27. Nf3 e5 28. Rd2 Rxd2 29. Nxd2 Bc6 30. f3 Kf7 31. Kf2 Ke6 32. g4 Ke7 33. h4 Ke6 34. Ke3 Ke7 35. f4 Ke6 36. f5+ Ke7 37. Nf1 Bg2 38. Ng3 Bh3 39. g5 fxg5 40. hxg5 Bg4 41. Ke4 Kd6 42. c5+ Kxc5 43. Kxe5 Kc6 44. Ke6 g6 45. Kf6 1-0

[Event "SF-2011-0-00100"]
[Site "LSS email"]
[Date "2011.06.18"]
[Round "?"]
[White "Ferenc, Moser"]
[Black "Razo, Ryan Jose"]
[Result "0-1"]
[WhiteElo "1021"]
[BlackElo "1118"]
[PlyCount "40"]
[EventDate "2011.05.25"]
[EventType "tourn (corr)"]
[EventRounds "6"]
[EventCountry "GER"]
[SourceTitle "Telechess CBM 149"]
[Source "ChessBase"]
[SourceDate "2012.07.17"]
[SourceVersion "1"]
[SourceVersionDate "2012.07.17"]
[SourceQuality "1"]

1. b3 d5 2. Bb2 Bg4 3. g3 e6 4. Bg2 Nd7 5. Nf3 Ngf6 6. 0-0 Bd6 7. d3 0-0 8. Nbd2 Qe7 9. c4 c6 10. Re1 a5 11. Qc2 Rfd8 12. Rac1 Rac8 13. cxd5 exd5 14. Nf1 Bc5 15. d4 Bb4 16. Bc3 Ba3 17. Bb2 Bb4 18. Bc3 Ne4 19. Bxb4 axb4 20. Ne3 Be6 0-1

[Event "ZL-2011-0-00942"]
[Site "LSS email"]
[Date "2011.06.17"]
[Round "?"]
[White "Ferenc, Moser"]
[Black "Nospers, Claudia"]
[Result "1-0"]
[WhiteElo "1105"]
[BlackElo "1173"]
[PlyCount "33"]
[EventDate "2011.06.12"]
[EventType "match (corr)"]
[EventRounds "2"]
[EventCountry "GER"]
[SourceTitle "Corr 2015"]
[Source "ChessBase"]
[SourceDate "2015.07.17"]
[SourceVersion "1"]
[SourceVersionDate "2015.07.17"]
[SourceQuality "1"]

1. e4 e5 2. Nf3 Nc6 3. Bc4 Nf6 4. d3 Be7 5. 0-0 0-0 6. c3 d5 7. exd5 Nxd5 8. Re1 Bg4 9. h3 Bh5 10. Nbd2 Nb6 11. Bb5 f6 12. Qc2 Re8 13. Bxc6 bxc6 14. d4 exd4 15. Nxd4 Qd5 16. Nf1 Bd6 17. Be3 1-0

[Event "OP-2011-0-01393"]
[Site "LSS email"]
[Date "2011.02.02"]
[Round "?"]
[White "Raines, David T"]
[Black "Ferenc, Moser"]
[Result "1-0"]
[WhiteElo "967"]
[BlackElo "1083"]
[PlyCount "24"]
[EventDate "2011.01.29"]
[EventType "tourn (corr)"]
[EventRounds "4"]
[EventCountry "GER"]
[SourceTitle "Corr 2013"]
[Source "ChessBase"]
[SourceDate "2012.11.12"]
[SourceVersion "1"]
[SourceVersionDate "2012.11.12"]
[SourceQuality "1"]

1. Nf3 d5 2. d4 Nf6 3. c4 e6 4. g3 c6 5. cxd5 exd5 6. Bg2 Bd6 7. Nc3 0-0 8. 0-0 Bf5 9. Bg5 Nbd7 10. a4 h6 11. Bf4 Bxf4 12. gxf4 Re8 1-0

[Event "ZL-2011-0-00849"]
[Site "LSS email"]
[Date "2011.01.24"]
[Round "?"]
[White "Ferenc, Moser"]
[Black "Molano Lafuente, Ismael"]
[Result "0-1"]
[WhiteElo "1083"]
[BlackElo "1284"]
[PlyCount "44"]
[EventDate "2011.01.19"]
[EventType "match (corr)"]
[EventRounds "2"]
[EventCountry "GER"]
[SourceTitle "Telechess CBM 145"]
[Source "Chessbase"]
[SourceDate "2011.11.11"]
[SourceVersion "1"]
[SourceVersionDate "2011.11.11"]
[SourceQuality "1"]

1. Nf3 f5 2. d4 e6 3. c4 Nf6 4. g3 b6 5. a3 Bb7 6. Nc3 Be7 7. Bg2 0-0 8. 0-0 Ne4 9. d5 Nxc3 10. bxc3 Na6 11. a4 Nc5 12. a5 bxa5 13. Rxa5 c6 14. d6 Qxa5 15. dxe7 Rfe8 16. Qd6 Bc8 17. Ne5 Nb7 18. Nxc6 dxc6 19. Qxc6 Rxe7 20. Bg5 Rf7 21. Qe8+ Rf8 22. Qe7 h6 0-1

[Event "ZL-2011-0-00838"]
[Site "LSS email"]
[Date "2011.01.10"]
[Round "?"]
[White "Ferenc, Moser"]
[Black "Ausan, Leo Tito Jr"]
[Result "0-1"]
[WhiteElo "1083"]
[BlackElo "1174"]
[PlyCount "38"]
[EventDate "2011.01.07"]
[EventType "match (corr)"]
[EventRounds "2"]
[EventCountry "GER"]
[SourceTitle "Telechess CBM 145"]
[Source "Chessbase"]
[SourceDate "2011.11.11"]
[SourceVersion "1"]
[SourceVersionDate "2011.11.11"]
[SourceQuality "1"]

1. Na3 Nf6 2. d4 d5 3. Bf4 Nh5 4. Be5 Nc6 5. e3 Nf6 6. Bb5 Bd7 7. Bf4 a6 8. Bd3 e6 9. Rb1 b5 10. c3 Ne7 11. Nc2 Ng6 12. Bg5 Be7 13. Nf3 c5 14. dxc5 Bxc5 15. 0-0 Bc6 16. Bxg6 hxg6 17. Nb4 Bb7 18. Nd3 Bd6 19. Bf4 Qc7 0-1

[Event "ZL-2010-0-00834"]
[Site "LSS email"]
[Date "2011.01.08"]
[Round "?"]
[White "Ferenc, Moser"]
[Black "Hall, Dick"]
[Result "0-1"]
[WhiteElo "1083"]
[BlackElo "1127"]
[PlyCount "39"]
[EventDate "2010.12.31"]
[EventType "match (corr)"]
[EventRounds "2"]
[EventCountry "GER"]
[SourceTitle "Telechess CBM 145"]
[Source "Chessbase"]
[SourceDate "2011.11.11"]
[SourceVersion "1"]
[SourceVersionDate "2011.11.11"]
[SourceQuality "1"]

1. d4 Nf6 2. c4 g6 3. Nc3 Bg7 4. e4 d6 5. Nf3 0-0 6. Be2 e5 7. dxe5 dxe5 8. 0-0 Nbd7 9. Be3 c6 10. Nd2 Qe7 11. Nb3 Rd8 12. Qc2 Nb8 13. Rad1 Nbd7 14. c5 b6 15. f3 Bb7 16. Rd2 Bf8 17. Na4 b5 18. Nc3 a5 19. a4 b4 20. Nd1 0-1